[Event "Turnier 40 / 120"]
[Site "Wien"]
[Date "2022.07.07"]
[Round "43"]
[White "Novag Diamond H8 - 26,6 MHZ"]
[Black "Mephisto Berlin 68000 - 12 MHZ"]
[Result "1/2-1/2"]
[BlackElo "2132"]
[WhiteElo "2105"]

{Analyse ------------> Komodo 13.02.} 1. f4 d5 2. Nf3 Nf6 3. e3 Bg4 4. h3
Bxf3 5. Qxf3 {Buchende} Nc6 {Buchende} 6. Bb5 {Novag Diamond ist begeistert
von dieser Eröffnung: Bewertung +1,23 ???, das ist aber absolut nicht
nachvollziehbar lt. Komodo ist die Stellung ausgeglichen und so ist es wohl
auch} e6 {Buchbewertung Mephisto Berlin 68000: +0,06, das ist realistisch}
7. Bxc6+ {Novag Diamond halbiert seine Bewertung auf +0,65, etwas
vernünftiger, aber immer noch deutlich zu optimistisch} bxc6 8. Nc3 Bd6 9.
d3 O-O 10. O-O {die Stellung ist im Lot, Komodo 0,00} Qb8 11. b3 Qb4 12.
Bb2 Rab8 13. a3 Qc5 {etwas besser ist Da5, Komodo +0,70 für Weiss mit der
Fortsetzung b4} 14. b4 Qb6 15. Na4 Qb5 16. Bxf6 gxf6 17. Nc3 {klar
schwächer als Dg4+, Komodo +0,50 für Weiss} Qb6 18. d4 a5 19. Qg3+ Kh8 20.
Na4 {die Stellung ist im Lot} Qb5 21. Nc5 Bxc5 22. bxc5 Rg8 23. Qf2 Rg7 24.
Kh2 Qb2 25. Kh1 a4 26. f5 e5 27. Kh2? {ein schwacher Zug, danach ist
Schwarz im Vorteil, Komodo +1,00 mit der Fortsetzung Dc3, nötig war Tab1
und die Stellung ist exakt im Lot} Kg8??? {ein absoluter Verlustzug um
ganze 5 Bauerneinheiten !! schlechter als Dc3, Komodo -4,50 mit der
Fortsetzung Tab1} 28. Qd2??? {doch leider hat Novag Diamond davon keine
Ahnung, dieser Zug verschenkt den möglichen Sieg, die Stellung ist wieder
im Lot.} Rg5? {neuerlich ein schwacher Zug, wieder könnte Weiss mittels
Tfb1 in Vorteil kommen, Komodo +1,00, nötig war e4 und alles ist im Lot}
29. Qf2??? {doch der Novag Diamond kann leider absolut keine Chance
ergreifen mit diesem Zug ist die Partie wieder auf den Kopf gestellt, um
ganze 2 Bauerneinheiten !!! schlechter als Tfb1, Komodo +1,00 für Schwarz
mit der Fortsetzung Dc3} Rb5? {auch nicht das Gelbe vom Ei, die Stellung
ist wieder im Lot mit der Fortsetzung Dd2} 30. Kh1??? {OHNE WORTE !!!!,
danach ist die Partie bereits verloren, Komodo +1,50 mit der Fortsetzung
Dc3} Qc3! {na klar damit sind alle schwachen Bauern von Weiss auf a3, c2
und e3 bedroht und die weissen Figuren nur noch mit Deckungsaufgaben
beschäftigt, hier könnte man die Partie bereits beenden, Komodo -1,60} 31.
Ra2 Rb8 32. Rg1 Rb2?? {verschenkt auf einen Schlag den gesamten Vorteil,
Komodo 0,00 mit der Fortsetzung Txb2, nötig war h5 mit ca. +1,50 für für
Schwarz} 33. Rxb2 Qxb2 34. dxe5 Qxe5 35. g4 Qc3 36. Qf4 Qxc2 37. Qxc7 Qe4+
38. Kh2 h5 39. Qxc6 Qe5+ 40. Kh1 Qxe3 41. Kh2 Qf4+ 42. Kh1 hxg4 43. hxg4
Qe4+ 44. Kh2 Rg7 45. Qc8+ Kh7 46. Qf8 Qe5+ 47. Rg3 Rxg4 48. Qxf7+ Kh6 49.
Qf8+ Kh7 50. Qf7+ Kh6 51. Qf8+ Kh7 52. Qf7+ {Stellungswiederholung} 1/2-1/2
[/pgn]
[pgn]

[Event "Turnier 40 / 120"]
[Site "Wien"]
[Date "2022.07.07"]
[Round "44"]
[White "Mephisto Berlin 68000 - 12 MHZ"]
[Black "Novag Diamond H8 - 26,6 MHZ"]
[Result "1/2-1/2"]
[BlackElo "2105"]
[WhiteElo "2132"]

{Analyse ---------> Komodo 13.02.} 1. d4 Nf6 2. c4 e6 3. Nc3 Bb4 4. e3 O-O
5. Nf3 d5 6. Bd3 c5 7. O-O dxc4 8. Bxc4 Nbd7 9. a3 cxd4 10. exd4 Bxc3 11.
bxc3 Qc7 {Buchende} 12. Qe2 Nb6 {Buchbewertung Novag Diamond: +0,53 / lt.
Komodo ist die Stellung etwa gleich} 13. Bd3 Qxc3 14. Bg5 Nbd5 15. Rac1
Qxa3 {Weiss gibt innerhalb des Buches 2 Bauern preis, lt. Komodo hat er
aber schon einige Kompensation dafür, Schwarz steht nur knapp besser mit
ca. +0,40} 16. Ra1? {Buchbewertung Mephisto Berlin 68000: -1,33, gleich der
1. berechnete Zug ist nicht ideal, danach ist Schwarz bereits klar im
Vorteil, Komodo +1,10} Qe7 17. Rfc1 h6 18. Bd2 Bd7 19. Ne5 Rfc8 20. Rxc8+
Bxc8 21. Qf3 Bd7 22. Qg3 Kh8 23. Bc1? {deutlich besser ist Dh3, nach dem
Textzug ist die Partie praktisch schon verloren, Komodo -2,00} Rc8 {besser
ist Le8, Schwarz bleibt aber klar im Vorteil, Komodo +1,70} 24. Ba3 Qe8 25.
Bb2 a6 26. Nc4 {die Stellung ist bereits verloren für Weiss, Komodo -2,30
mit der Fortsetzung Tc7} Ne4 {etwas schwächer als Tc7, trotzdem bleibt
Schwarz klar im Vorteil, Komodo +2,00} 27. Qe5 Ndf6? {ein schwacher Zug,
danach ist Schwarz nur noch mit ca. +1,20 im Vorteil, nötig war b5 mit ca.
+2,00} 28. Qf4 Bb5 29. Bxe4? {ein schwacher Zug, deutlich besser ist d5,
Komodo -2,00 mit der Fortsetzung Sxe4} Nxe4 30. d5 f6 31. Nb6 {etwas besser
ist noch Dxe4, Komodo -2,60} Nc3??? {ein ganz schlechter Zug, danach ist
Schwarz nur noch mit ca. +1,00 im Vorteil} 32. Re1 Ne2+ 33. Rxe2 Bxe2 34.
Nxc8 Qxc8 35. dxe6?? {Mephisto Berlin 68000: -0,46 / ein ganz schwacher
Zug, nötig war das auch von Novag Diamond erwartete Lxf6, Komodo +2,00 für
Schwarz mit der Fortsetzung Dxe6} Qxe6 {Novag Diamond sieht sich im
Gegensatz zu Mephisto Berlin 68000 klar im Vorteil: +1,84 !} 36. Qb8+
{Mephisto Berlin 68000: -1,30, besser ist noch h3, Komodo -2,30} Kh7 37.
Qxb7 Bd3 38. Bc3 Qe2 39. h3 Qf1+ 40. Kh2 Qxf2 41. Bb4? {mehr Widerstand
leistet noch Db4, nach dem Textzug ist die Partie praktisch verloren,
Komodo -3,60 mit der Fortsetzung Df4+} Qf4+ 42. g3 Qc4 43. Bf8 Qc2+ 44. Kg1
Qd1+ 45. Kg2 Qf1+ 46. Kh2 Qf2+ 47. Qg2 Qxg2+??? {das ist ganz schlecht und
gefährdet den sicheren Sieg, um 2 Bauerneinheiten !!! schlechter als Db6,
Komodo nur noch +2,00 für Schwarz} 48. Kxg2 a5 49. h4 a4 {an dieser Stelle
versagt auch Komodo 13.02, er sieht hier noch einen Vorteil von +2,00 für
Schwarz, lt. Stockfish 15 ist es bereits Remis: 0,00 !!!!} 50. Kf3 Kg6 51.
Ke3 Bb1 52. Kd4 Kf7 53. Bc5 h5 54. Kc3 f5 55. Kb4 Bc2 56. Bd4 g6 57. Ka3
Ke6 58. Be3 {also an dieser Stelle ist Komodo 13.02 eine Sicherung
durchgebrannt, er bewertet diese Stellung noch mit +1,33 für Schwarz, ich
gebe es hier Remis, Stockfish 15 natürlich 0,00 ---------------------> ein
unglaublich bitteres Remis aus Sicht des Novag Diamond, also diese Partie
nicht zu gewinnen, das kann nur noch als stümperhaft bezeichnet werden
!!!!} 1/2-1/2
[/pgn]
[pgn]

[Event "Turnier 40 / 120"]
[Site "Wien"]
[Date "2022.07.08"]
[Round "45"]
[White "Novag Diamond H8 - 26,6 MHZ"]
[Black "Mephisto Berlin 68000 - 12 MHZ"]
[Result "0-1"]
[BlackElo "2132"]
[WhiteElo "2105"]

{Analyse -------> Komodo 13.02.} 1. d4 Nf6 2. c4 e5 3. dxe5 Ng4 4. Bf4 Nc6
5. Nf3 Bb4+ 6. Nc3 Bxc3+ 7. bxc3 Qe7 8. Qd5 f6 9. exf6 Nxf6 10. Qd3 d6 11.
g3 Ne4 12. Bg2 Nc5 {Buchende} 13. Qe3 {Buchende} O-O {Buchbewertung
Mephisto Berlin 68000: -0,72 / lt. Komodo eine schlechte Eröffnung von
Schwarz, +1,00 für Weiss} 14. Nd4 {Buchbewertung Novag Diamond: +0,38} Qd7
15. O-O Ne7 16. Rab1??? {ein ganz schlechter Zug, der den gesamten Vorteil
verspielt, danach ist die Stellung im Lot, nötig war natürlich das
offensichtliche Dd2, um dem weissen Läufer f4 ein Rückzugsfeld zu öffnen
nach dem Angriff Sg6} Ng6! {das ist klar} 17. Bg5 {das bringt natürlich gar
nichts, wird ja sofort wieder angegriffen mittels h6} h6 18. Bxh6??? {ein
völlig absurder Zug, der bereits Schwarz in Vorteil bringt, weit besser ist
natürlich Lf4, Weiss hat wohl noch 3 Bauern für die Figur und Komodo
bewertet das mit man muss sagen "nur" +0,50 für Schwarz, meiner Meinung
nach ist die Partie nach diesem Zug bereits verloren} gxh6 19. Qxh6 Qh7 20.
Bd5+?? {der nächste völlig absurde Zug, dieses Schachgebot ist absolut
sinnlos deutlich besser ist natürlich Dg5, Komodo -1,00} Kh8 21. Qd2???
{der Novag Diamond lässt kein Fettnäpfchen aus in dieser Partie, nach dem
nächsten absurden Zug ist die Partie bereits verloren, Komodo -2,00 mit der
Fortsetzung Lh3, natürlich muss Weiss hier die Damen tauschen, um den
Schaden noch zu begrenzen.} Bh3 {na klar, was sonst, Novag Diamond erwartet
hier das weit schwächere Se5 ???} 22. Rfd1 Ne5? {deutlich schwächer als c6,
halbiert in etwa den Vorteil von Schwarz, Komodo -1,00 mit der Fortsetzung
f4} 23. f4 Ned7 24. Nf3 Bf5 25. Rb4 Nb6 26. Ng5 Qg7 27. Qe3? {was bitte ist
das für ein absurder Zug, erlaubt dem schwarzen Turm sich zu entwickeln mit
sofortigem Angriff auf die Dame danach ist die Partie bereits verloren,
Komodo +2,50 mit der Fortsetzung Tae8, nötig war Lg2 mit ca. +1,00 für
Schwarz} Rae8 {na klar was sonst !} 28. Qf3 Bg6 29. Bxb7??? {OHNE WORTE,
Komodo -4,20} Nxb7 30. Qxb7 Qxc3?? {klar schwächer als Txe2, rettet aber
Weiss natürlich auch nicht mehr, Komodo +3,00} 31. Rb3 Qxc4 32. Qf3 Qxe2
{an dieser Stelle ersparte ich dem Novag Diamond die Hinrichtung, ein
völlig Leistungseinbruch auf der ganzen Linie, die Performance des Novag
Diamond kann man nur noch als blamabel bezeichnen, 7 : 1 für den Mephisto
Berlin aus den letzten 8 Runden (nur 2 Remis für den Novag Diamond).} 0-1
[/pgn]
[pgn]

[Event "Turnier 40 / 120"]
[Site "Wien"]
[Date "2022.07.08"]
[Round "46"]
[White "Mephisto Berlin 68000 - 12 MHZ"]
[Black "Novag Diamond H8 - 26,6 MHZ"]
[Result "1-0"]
[BlackElo "2105"]
[WhiteElo "2132"]

{Analyse ------------> Komodo 13.02.} 1. e4 c6 2. d4 d5 3. Nc3 dxe4 4. Nxe4
Bf5 5. Ng3 Bg6 6. Bc4 {Buchende} Nd7 {Buchende} 7. Bg5 {Buchbewertung
Mephisto Berlin 68000: +0,30} Qb6 {Buchbewertung Novag Diamond: +0,07 / lt.
Komodo ist die Stellung etwa gleich} 8. Bb3 O-O-O 9. Nf3 Ngf6 10. O-O e5
11. Re1 exd4 12. Nxd4 Bc5 13. c3 Rhe8 14. Rxe8 Rxe8 15. a4 Ne5 16. a5 Qa6?
{deutlich besser ist Dc7, Komodo +1,00 mit der Fortsetzung h4} 17. Bxf6?
{auch nicht das Gelbe vom Ei, Komodo +0,50 für Weiss} gxf6 18. Bc2 {immer
noch verdiente h4 den Vorzug, die Stellung ist im Lot} Rd8 19. Ne4 Bxe4 20.
Bxe4 Qc4 21. Bxh7 Kb8??? {Novag Diamond ist und bleibt völlig von der
Rolle, hier schon wieder der absolute Verlustzug, warum um Gottes willen
nicht Lxd4 ???, hier gewinnt natürlich sofort Ta4, Komodo +3,00 für Weiss}
22. a6??? {aber auch Mephisto Berlin 68000 macht es diesmal nicht besser,
nach diesem Zug ist der gesamte Vorteil sofort wieder dahin, die Stellung
ist wieder im Lot} Bxd4 23. cxd4 Rxd4 24. Qc1 Qxc1+ 25. Rxc1 bxa6?? {ein
schlechter Zug, der eine Katastrophe von einer Bauernstruktur hinterlässt,
deutlich besser ist natürlich b5, Komodo schätzt das trotzdem nur mit +0,40
für Weiss ein} 26. g3 Kc7 27. f4 Nc4 28. b3 {besser ist h4, die Stellung
ist wieder im Lot, Komodo 0,00} Nd2? {das ist allerdings nicht die richtige
Fortsetzung nötig war Sd6, nach dem Textzug ist Weiss wieder im Vorteil,
Komodo +0,60 mit der Fortsetzung Tc3} 29. Rc3 Rb4 30. Bc2 f5 31. Bd1? {gibt
den Vorteil wieder ab, Komodo 0,00, besser ist natürlich h4} Rd4 32. Bh5
Ne4 33. Rc2 f6 34. Be8 c5 35. Bg6 Rd5??? {ein Verlustzug, danach kostet der
H-Bauer Schwarz bereits den Springer, nach h4, Sxg3, h5 muss der Springer
bereits auf h5 nehmen, Komodo -1,60, nötig war Td2 mit knappem Vorteil für
Weiss, aber klar das ist auch nicht leicht zu sehen, denn der Bauer g3 kann
ja vorerst genommen werden, ist kaum anzunehmen, dass Mephisto Berlin das
erkennt.} 36. Kg2 {klar schwächer als h4, aber klar das war nicht leicht,
Komodo +0,30 für Weiss mit der Fortsetzung Kd6} a5??? {ein ganz schlechter
Zug, verliert die Partie sofort neuerlich gegen die Fortsetzung h4, Komodo
-1,80} 37. Bf7?? {aber neuerlich verschmäht Mephisto Berlin diesen Zug, die
Stellung ist wieder im Lot, Komodo 0,00 mit der Fortsetzung Td6} Rd1 38.
Be6 Kd6? {Endspiele sind eben schwierig, wieder eine Ungenauigkeit, nach
Td2+ wäre die Partie Remis, nach dem Textzug ist Weiss wieder im Vorteil,
Komodo +0,50 mit der Fortsetzung Lxf5} 39. Bxf5 Rd2+ 40. Rxd2+ Nxd2 41. Bc2
c4 42. bxc4 Nxc4 43. Kf2 {deutlich schwächer als Kf3, Komodo +0,40 für
Weiss} Nb6 44. h4 a4 45. h5 Ke6 46. g4 a3??? {Also dieser Zug ist das
ALLERLETZTE; DAS DARF EINFACH NICHT WAHR SEIN; WIEDER VERSCHENKT DER NOVAG
DIAMOND DAS REMIS; Komodo -11,00, nach Kf7 ist es Remis, nach diesem
absurden Zug beende ich sofort die Partie, das ist einfach nicht mehr
anzusehen ---------> EINFACH LETZTKLASSIG ELO 1500 !!!} 1-0
[/pgn]
[pgn]

[Event "Turnier 40 / 120"]
[Site "Wien"]
[Date "2022.07.09"]
[Round "47"]
[White "Novag Diamond H8 - 26,6 MHZ"]
[Black "Mephisto Berlin 68000 - 12 MHZ"]
[Result "1/2-1/2"]
[BlackElo "2132"]
[WhiteElo "2105"]

{Analyse -----------> Komodo 13.02.} 1. e4 c5 2. Nf3 e6 3. d4 cxd4 4. Nxd4
Nf6 5. Nc3 d6 6. Be2 a6 7. O-O Be7 8. f4 O-O 9. Kh1 Qc7 10. a4 Nc6 11. Be3
{Buchende} Re8 {Buchende} 12. Qd3 {Buchbewertung Novag Diamond: +0,38} Nb4
{Buchbewertung Mephisto Berlin 68000: +0,15 / lt. Komodo ist die Stellung
exakt gleich 0,00} 13. Qd2 Rd8 14. a5 d5 15. e5 Ne4 16. Nxe4 dxe4 17. Ra4
Nd5 18. Rc4 Qb8 19. Rd1 {klar schwächer als Lg1} Bd7 20. Nb3 Bc6 21. Rd4
Nxe3 22. Qxe3 Qc7 23. Qc3 Rac8 24. Nc5??? {ein ganz schlechter Zug, damit
ist Schwarz bereits klar im Vorteil, Komodo +1,20 mit der Fortsetzung
entweder Txd4 oder Lb5, nötig war Txd8 mit Ausgleich} Rxd4! 25. Rxd4 Bb5!
{Mephisto Berlin 68000 macht alles richtig, Komodo +1,20} 26. Bxb5 Qxc5 27.
Bc4??? {was der Novag Diamond hier abliefert ist einfach das Letzte, ich
werde das hier nicht weiter kommentieren, macht einfach keinen Sinn mehr,
nach diesem völlig absurden Zug ist die Partie natürlich bereits klar
verloren, deutlich mehr Widerstand bot noch Lf1, das hat Novag Diamond
wieder im letzten Moment verworfen, Komodo +2,00 mit der Fortsetzung Td8}
Rd8! {ist ja klar, der Rest ist nur noch Technik} 28. Rxd8+ Bxd8 29. Qd2
Qxa5??? {der Damentausch erschwert den Gewinn deutlich, nötig war natürlich
Lxa5, Komodo +1,00} 30. Qxa5 Bxa5 31. Kg1 g5 {besser ist Ld2} 32. f5 exf5
33. e6 Bb6+ 34. Kf1 Kf8 {klar schwächer als Lc5, nach dem Textzug ist
Schwarz nur noch knapp im Vorteil mit ca. +0,40} 35. exf7 Bc7 36. Be6 e3
37. Ke2 {besser ist Lxf5, Komodo +0,60 mit der Fortsetzung f4} f4 38. c3 b5
39. g4 Be5 40. Bd5 a5 41. Kd3 a4 42. Kc2 b4 43. cxb4 Bxb2 44. b5 Bd4 45.
Kd3 Ba7 46. Ke2 Bb6 47. h3 Bc5 48. Bc4 a3 49. Ba2 Bd4 50. Bb3 Ba7 51. Kf3
Bc5 52. Ke2 Bd4 53. Kf3 Bb6 54. Ke2 Ba5 55. Kd3 Bd8 56. Ke2 1/2-1/2
[/pgn]
[pgn]

[Event "Turnier 40 / 120"]
[Site "Wien"]
[Date "2022.07.10"]
[Round "48"]
[White "Mephisto Berlin 68000 - 12 MHZ"]
[Black "Novag Diamond H8 - 26,6 MHZ"]
[Result "1-0"]
[BlackElo "2105"]
[WhiteElo "2132"]

{Analyse --------> Komodo 13.02.} 1. e4 e6 2. d4 d5 3. Nc3 Bb4 4. e5 c5 5.
Bd2 Ne7 6. a3 Bxc3 7. Bxc3 b6 8. b4 Qc7 {Buchende} 9. Nf3 {Buchende} cxd4
{Buchbewertung Novag Diamond: 0,00} 10. Bxd4 {Buchbewertung Mephisto Berlin
68000: +0,03 / lt. Komodo steht Weiss knapp besser mit ca. +0,20} O-O 11.
Bd3 Nbc6 12. Bb2 Ng6 13. Qe2 Nf4 14. Qd2 Nxd3+ 15. cxd3 Ba6 16. O-O Rac8
17. Rac1 Qb7 18. Rfe1 Bb5 19. Rc3 d4 {die Stellung ist im Lot, Komodo 0,00}
20. Rcc1 Qa6 21. Red1 Rfd8 22. Qe2 Ba4 23. Rd2 Qb7 24. Qe4 Rd5? {ein
schwacher Zug, danach ist Weiss bereits klar im Vorteil, Komodo +1,20 mit
der Fortsetzung Sg5, nötig war h6 mit Ausgleich} 25. Re2 {dieser Zug bringt
allerdings keinerlei Vorteil für Weiss, die Stellung ist wieder im Lot}
Qa6??? {ein absoluter Verlustzug, danach ist die Partie sofort verloren,
Komodo +3,00 mit der Fortsetzung Sg5, nötig war immer noch h6 wieder mit
Ausgleich} 26. Ng5! {Mephisto Berlin 68000: +0,96 / Na klar, Novag Diamond
erwartete hier Tde1 ???, also der ist und bleibt völlig von der Rolle !!!}
g6 {Novag Diamond erkennt hier noch keine Gefahr, Bewertung lediglich -0,19
?? / Komodo -3,50 mit der Fortsetzung Df4} 27. Qf3 {etwas schwächer als
Df4, Weiss steht aber klar auf Gewinn, Komodo +2,20} Qb7 28. Qf6 Qd7 29.
Re4 Rc7 {etwas besser ist noch h5, rettet aber Schwarz auch nicht mehr,
hier gewinnt bereits klar Sxh7, Komodo +4,00} 30. Nxh7! {Mephisto Berlin
+1,36 / Komodo +6,00} Qd8 {Novag Diamond: -2,11} 31. Rh4 {Mephisto Berlin
+2,63 / Komodo +10,00} Rxe5 32. Bxd4 Qxd4 {Rest geschenkt} 33. Rxd4 {Rest
geschenkt --------> ein jämmerliche Vorstellung neuerlich von Novag
Diamond, es wird wirklich Zeit, dass dieser Wettkampf zu ende geht, macht
keinen Sinn mehr.} 1-0
[/pgn]
[pgn]

[Event "Turnier 40 / 120"]
[Site "Wien"]
[Date "2022.07.11"]
[Round "49"]
[White "Novag Diamond H8 - 26,6 MHZ"]
[Black "Mephisto Berlin 68000 - 12 MHZ"]
[Result "1-0"]
[BlackElo "2132"]
[WhiteElo "2105"]

{Analyse --------------> Komodo 13.02.} 1. e4 e5 2. Nf3 f5 3. Nxe5 Qf6 4.
Nc4 fxe4 5. Nc3 Qf7 6. d4 {Buchende} Bb4 7. Ne5! {der richtige Zug,
Buchbewertung Novag Diamond: +0,15 / lt. Komodo eine ganz schlechte
Eröffnung von Schwarz -1,20} Qf6?? {Buchbewertung Mephisto Berlin 68000:
-0,81 / gleich der erste Berechnete Zug ist ganz schlecht, nötig war Df5,
nach dem Textzug ist die Partie praktisch schon einen Zug nach Buchende
verloren, Komodo -2,00 mit der Fortsetzung Lc4 / Stockfish 15 bewertet
bereits mit -3,50} 8. Qh5+?? {ein ganz schwacher Zug, der den Vorteil von
Weiss halbiert, Komodo +1,00} g6 9. Qg4 Ne7 {besser ist Df5, Komodo +1,40
mit der Fortsetzung Lg5} 10. Bg5 Qf5 11. Qxf5?? {ein ganz schlechter Tausch
für Weiss, der den Vorteil halbiert, Komodo +0,80} Nxf5 12. O-O-O Bxc3 13.
bxc3 O-O? {klar schwächer als d6, Komodo +1,70 mit der Fortsetzung g4,
damit ist die Partie praktisch schon verloren} 14. Bc4+ {etwas schwächer
als g4, Komodo +1,50} Kg7 15. Bd5??? {ein ganz schwacher Zug, der einen
Grossteil des Vorteiles verspielt, Komodo -0,40 mit der Fortsetzung d6
nötig war f3 mit ca. +1,50 für Weiss} h6 16. Bd2 d6 17. Ng4 Re8 18. Rhe1
Ne7? {weniger gut, deutlich besser ist h5, Komodo -1,00} 19. Bxh6+ Kh7 20.
Nf6+ Kxh6 21. Nxe8 Nxd5 22. c4 Bd7 23. cxd5 Bxe8 24. Rxe4 {Weiss steht klar
besser, Komodo +1,50} Na6 25. Kb2? {ein schwacher Zug, der neuerlich den
gesamten Vorteil verspielt, nötig war Td3 mit ca. +1,50 für Weiss, nach dem
Textzug ist die Stellung nahezu im Lot, Komodo +0,30 für Weiss} Nb4?
{deutlich schwächer als Lb5, Komodo +1,20 für Weiss} 26. c4 Ba4 27. Rd2 a5
28. a3 Na6 29. Re7 {besser ist Tde2, Komodo +1,50} Rf8 30. Kc3 {deutlich
besser ist f3} b5 31. cxb5 Bxb5 32. Rb2 Re8??? {ein absoluter Verlustzug,
danach ist die Partie sofort verloren, Komodo -3,30, nötig war La4 mit ca.
-1,50} 33. Rxe8 Bxe8 34. Rb7 Ba4 35. h3 {klar schwächer als Kc4, Weiss
steht aber klar auf Gewinn, Komodo +2,50} Bd1 {deutlich besser ist Kg5,
Komodo -3,60} 36. Kd3! {richtig} Ba4 37. Kc4 Kg5 38. Ra7 Nb8 39. Rxc7 Nd7
40. Rc6! {richtig, Komodo +6,00 !!} Bxc6 41. dxc6 Nb6+ 42. Kb5 Nd5 43. Kxa5
{Komodo +13,00} Kf6 44. Ka6 Ke6 45. Kb7 Ne7 46. a4 d5 47. g4 Kd6 48. c7 Kd7
49. h4 Nc8 {Mephisto Berlin 68000: -10,3 ------------> aufgegeben !!} 1-0
[/pgn]
[pgn]

[Event "Turnier 40 / 120"]
[Site "Wien"]
[Date "2022.07.11"]
[Round "50"]
[White "Mephisto Berlin 68000 - 12 MHZ"]
[Black "Novag Diamond H8 - 26,6 MHZ"]
[Result "1/2-1/2"]
[BlackElo "2105"]
[WhiteElo "2132"]

{Analyse -------------> Komodo 13.02.} 1. e4 e5 2. Nf3 Nc6 3. Bc4 Bc5 4. d3
Nf6 5. c3 d6 6. b4 Bb6 7. a4 a6 8. O-O {Buchende} O-O {Buchende} 9. Bg5
{Buchbewertung Mephisto Berlin 68000: +0,48} h6 {Buchbewertung Novag
Diamond: +0,15 / lt. Komodo steht Weiss etwas besser mit ca. +0,30} 10. Bh4
Qe7 11. a5 Ba7 12. Nbd2 Be6 13. Qb3 Bxc4 14. Nxc4 Qe6 15. b5 axb5 16. Qxb5
d5 17. Ncd2 dxe4 18. dxe4 Rab8 19. Rfd1 Rfe8 20. Rdb1 g5 21. Bg3 Red8 22.
Rb2 Nd7 {die Stellung ist im Lot, Komodo 0,00} 23. Qd5 Qe7 24. Rxb7 Rxb7
25. Qxc6 Rb2 26. Qxc7 Bb8 27. Qc6 Nc5 28. Nc4 Ra2 29. Re1 Nd3 30. Rb1 Ba7
31. Ncxe5 Nxe5 32. Nxe5 Bxf2+ 33. Bxf2 Qxe5 34. Bd4 Qe6 35. Qxe6 {deutlich
besser ist Dc7 und die Stellung ist exakt im Lot, nach dem Textzug ist
Schwarz mit ca. +1,00 im Vorteil} fxe6 36. Rb5 {besser ist h4, Komodo +1,50
mit der Fortsetzung g4} Kf7 {dieser Zug bringt keinen Vorteil für Schwarz,
Komodo nur noch +0,30, aber den Vorteil in g4 zu sehen war auch wirklich
nicht leicht, kein Vorwurf an dieser Stelle.} 37. Rb7+ Kg6 38. Re7 Rxa5 39.
Rxe6+ Kh7 {die Stellung ist im Lot, Komodo 0,00} 40. Re7+ Kg6 41. h3 Ra2
42. g4 Rg8 43. c4 Rd2 44. Rd7 h5 45. Rd6+ Kf7 46. gxh5 g4 47. Rd7+ Ke6 48.
Rg7 Rc8 49. Rg6+ Kf7 50. Rf6+ Ke7 51. Be3 Kxf6 52. Bxd2 gxh3 53. Kh2 Rxc4
54. Kxh3 Rxe4 1/2-1/2
[/pgn]